000 00542nam a2200181Ia 4500
008 090124s9999 xx 000 0 und d
082 _b4155
_a536
100 _aफाटक गणेशशास्त्री
245 _a माझी जमीन
250 _a1
260 _c1930
300 _a88
600 _aफाटक गणेशशास्त्री
630 _a माझी जमीन
700 _aफाटक गणेशशास्त्री
730 _a माझी जमीन
942 _cBOOK
999 _c118096
_d118096